000
00235nam a2200097Ia 4500
008
190216s9999||||xx |||||||||||||| ||und||
100
_a
Harald E Palmer
245
0
_a
Grammer Of English Words
260
_b
Longman &green &co
942
_c
BK
999
_c
15189
_d
15189